| 000 | 00612 a2200193 4500 | ||
|---|---|---|---|
| 010 | _aENG-90006 | ||
| 020 |
_a8176672160 _c395.00 |
||
| 035 | _aEN-73539 | ||
| 037 | _bDBAD / PUB | ||
| 082 | 1 | 4 | _a358.4 |
| 090 |
_c12155 _d12155 |
||
| 100 | 1 | _aGoyal, S.N. | |
| 245 | 1 |
_aCharismatic development of air power/ _cby S.N. Goyal |
|
| 260 |
_aDelhi _bBhavna Prakashan _c2008 |
||
| 270 |
_a109-A, Patparganj, _bDelhi _e110 091 |
||
| 300 |
_a248p.: _c22 cm. (Hb) _bb&w photos |
||
| 942 |
_adpl _cEN _k 358.4 / GOY |
||
| 999 |
_c11801 _d11801 |
||